000 00415nam a22001577a 4500
999 _c17563
_d17563
003 OSt
005 20230331144834.0
008 221108b ||||| |||| 00| 0 eng d
040 _c0
100 _aCrisostomo, Sheila.
_946680
245 _aNew SARS case fake news - DOH /
260 _aPhilippines ;
_cJanuary, 16, 2020.
_bThe Philippine Star,
300 _apage 7.
650 _aHealth.
_946667
942 _2ddc
_cPER